[Event "AUTO-OPEN-347"]
[Site "http://www.queenalice.com/game.php?id=92569"]
[Date "2006.8.4"]
[Round "1"]
[White "dagenefter"]
[Black "Stingray"]
[Result "0-1"]
[WhiteElo "1544"]
[BlackElo "1912"]

1. e4 c5 2. Nf3 d6 3. d4 cxd4 4. Nxd4 Nf6 5. Nc3 a6 6. Be3 Ng4 7. Qd2 Nxe3 8.
Qxe3 g6 9. Bc4 Bg7 10. O-O Nd7 11. Rad1 O-O 12. Nce2 b5 13. Bb3 Bb7 14. c3 Nc5
15. Bc2 Rc8 16. Nf3 Qc7 17. Ng3 Rfe8 18. Qf4 Ne6 19. Qe3 Qa5 20. Bb3 Nc5 0-1

[Event "AUTO-OPEN-347"]
[Site "http://www.queenalice.com/game.php?id=92570"]
[Date "2006.8.4"]
[Round "1"]
[White "Stingray"]
[Black "dagenefter"]
[Result "1-0"]
[WhiteElo "1880"]
[BlackElo "1525"]

1. e4 e5 2. f4 exf4 3. Nf3 g5 4. h4 g4 5. Ne5 Nf6 6. Bc4 d5 7. exd5 Bd6 8. O-O
Bxe5 9. Re1 Qd6 10. d4 Nbd7 11. dxe5 Nxe5 12. Bxf4 1-0

[Event "AUTO-INT-128"]
[Site "http://www.queenalice.com/game.php?id=92986"]
[Date "2006.8.5"]
[Round "1"]
[White "Andre"]
[Black "dagenefter"]
[Result "1-0"]
[WhiteElo "1445"]
[BlackElo "1545"]

1. e4 e5 2. Nf3 Nc6 3. Bb5 a6 4. Bxc6 dxc6 5. Nxe5 Qd4 6. Nf3 Qxe4+ 7. Qe2 Qxe2+
8. Kxe2 Bg4 9. d4 O-O-O 10. h3 Bxf3+ 11. gxf3 Rxd4 12. c3 Rd5 13. Rd1 Nf6 14. c4
Rxd1 15. Kxd1 Bc5 16. Be3 Rd8+ 17. Nd2 Bxe3 18. fxe3 b5 19. b3 Nh5 20. Ke1 Ng3
21. Ne4 Nxe4 22. fxe4 Re8 23. cxb5 cxb5 24. Rd1 Rxe4 25. Rd3 f5 26. Ke2 f4 27.
Kf3 g5 28. Kxe4 fxe3 29. Rxe3 1-0

[Event "AUTO-INT-128"]
[Site "http://www.queenalice.com/game.php?id=92987"]
[Date "2006.8.5"]
[Round "1"]
[White "dagenefter"]
[Black "Andre"]
[Result "1-0"]
[WhiteElo "1532"]
[BlackElo "1458"]

1. e4 e5 2. Nf3 d6 3. d4 Nc6 4. d5 Nb4 5. a3 Na6 6. c4 Nc5 7. Nc3 Bg4 8. b4 Nd7
9. Be2 Bxf3 10. Bxf3 Nb6 11. Qe2 Qf6 12. O-O g6 13. a4 Nd7 14. Nb5 O-O-O 15.
Nxa7+ Kb8 16. Be3 b6 17. Nc6+ Kb7 18. Nxd8+ Qxd8 19. a5 bxa5 20. Rxa5 Nb6 21. c5
dxc5 22. bxc5 Na8 23. Qa6+ Kb8 24. c6 Nb6 25. Qb7# 1-0

[Event "AUTO-INT-128"]
[Site "http://www.queenalice.com/game.php?id=93002"]
[Date "2006.8.5"]
[Round "1"]
[White "bloodrayne"]
[Black "dagenefter"]
[Result "1-0"]
[WhiteElo "1895"]
[BlackElo "1542"]

1. e4 e5 2. Bc4 Bc5 3. Qf3 Nf6 4. d3 d6 5. h3 O-O 6. Ne2 Nc6 7. c3 a6 8. a4 Bd7
9. Bg5 Qe7 10. b4 Ba7 11. Ng3 Nd8 12. O-O Ne6 13. Nf5 Qd8 14. Bxf6 Qxf6 15. Qg3
b5 16. axb5 1-0

[Event "AUTO-INT-128"]
[Site "http://www.queenalice.com/game.php?id=93003"]
[Date "2006.8.5"]
[Round "1"]
[White "dagenefter"]
[Black "bloodrayne"]
[Result "0-1"]
[WhiteElo "1540"]
[BlackElo "1897"]

1. e4 e5 2. Nf3 d6 3. d4 exd4 4. Nxd4 Be7 5. Nc3 c6 6. Bd3 Nf6 7. Bf4 O-O 8. Qd2
a5 9. O-O Nh5 10. Be3 Be6 11. Be2 Nf6 12. Nxe6 fxe6 13. a3 Nbd7 14. a4 Ne5 15.
f3 Kh8 16. b3 d5 0-1

[Event "AUTO-INT-128"]
[Site "http://www.queenalice.com/game.php?id=93012"]
[Date "2006.8.5"]
[Round "1"]
[White "yhell"]
[Black "dagenefter"]
[Result "1-0"]
[WhiteElo "1665"]
[BlackElo "1527"]

1. e4 e5 2. Bc4 Bc5 3. d3 Nc6 4. c3 Nf6 5. h3 d6 6. Bg5 h6 7. Bxf6 Qxf6 8. Qf3
Qxf3 9. Nxf3 Bd7 10. O-O f6 11. a4 a6 12. b4 Ba7 13. Kh1 Ne7 14. Nbd2 Ng6 15. b5
1-0

[Event "AUTO-INT-128"]
[Site "http://www.queenalice.com/game.php?id=93013"]
[Date "2006.8.5"]
[Round "1"]
[White "dagenefter"]
[Black "yhell"]
[Result "0-1"]
[WhiteElo "1538"]
[BlackElo "1654"]

1. e4 e5 2. Nf3 d6 3. d4 exd4 4. Nxd4 Be7 5. Nc3 c6 6. Be2 Nf6 7. Be3 O-O 8. O-O
Nbd7 9. Qd2 Ne5 10. Nf3 Bg4 11. b3 Nxf3+ 12. Bxf3 Bxf3 13. gxf3 Nh5 14. Ne2 Kh8
15. Ng3 Nf6 16. Nf5 b5 17. Nxe7 Qxe7 0-1

[Event "AUTO-INT-135"]
[Site "http://www.queenalice.com/game.php?id=94815"]
[Date "2006.8.11"]
[Round "1"]
[White "Ewaldinho"]
[Black "dagenefter"]
[Result "1-0"]
[WhiteElo "2022"]
[BlackElo "1527"]

1. e4 e5 2. Nf3 Nc6 3. Bb5 a6 4. Bxc6 dxc6 5. d4 exd4 6. Qxd4 Qxd4 7. Nxd4 Bd7
8. Be3 O-O-O 9. Nd2 Bc5 10. f3 f6 11. O-O-O Bb6 12. Nc4 c5 13. Nb3 Bb5 14. Rxd8+
Kxd8 15. Na3 Bc6 16. Nxc5 Bxc5 17. Bxc5 b6 18. Bf8 Ne7 19. Bxg7 Rg8 20. Bxf6
Rxg2 21. Rd1+ Ke8 22. Be5 Rf2 23. Bxc7 b5 24. Rd3 Rf1+ 25. Kd2 Ra1 26. Rd8+ Kf7
27. Rh8 Rxa2 28. Rxh7+ Ke8 29. Bd6 Ng6 30. Kc1 Ra1+ 31. Nb1 Ra4 32. c3 Bd7 33.
h4 Rc4 34. h5 Rc6 35. e5 1-0

[Event "AUTO-INT-135"]
[Site "http://www.queenalice.com/game.php?id=94816"]
[Date "2006.8.11"]
[Round "1"]
[White "dagenefter"]
[Black "Ewaldinho"]
[Result "0-1"]
[WhiteElo "1525"]
[BlackElo "2024"]

1. e4 c5 2. Nf3 d6 3. Bb5+ Bd7 4. Bxd7+ Qxd7 5. c4 Nc6 6. d4 cxd4 7. Nxd4 Nf6 8.
Nc3 Qg4 9. Qxg4 Nxg4 10. Nxc6 bxc6 11. Bf4 g5 12. Bg3 Bg7 13. Rc1 Ne5 14. O-O
Nxc4 15. b3 Ne5 16. Ne2 c5 17. Rfd1 O-O 18. Rc2 Nc6 19. f3 a5 20. Bf2 a4 21. g3
axb3 22. axb3 Ra3 23. Rb1 Rb8 24. Be3 Ne5 25. f4 Rbxb3 26. Rxb3 Rxb3 27. fxe5
Rxe3 28. exd6 exd6 29. Kf1 Rxe4 30. Rd2 Be5 31. Rd5 f5 32. Rd3 Kf7 33. Rf3 Ke6
34. Rd3 d5 0-1

[Event "AUTO-INT-135"]
[Site "http://www.queenalice.com/game.php?id=94829"]
[Date "2006.8.11"]
[Round "1"]
[White "XequeChaMate"]
[Black "dagenefter"]
[Result "1-0"]
[WhiteElo "1675"]
[BlackElo "1523"]

1. d4 Nf6 2. c4 e6 3. Nc3 Bb4 4. Bd2 O-O 5. e3 b6 6. Nf3 Bb7 7. Be2 d5 8. O-O
Nbd7 9. Rc1 Ba6 10. cxd5 Bxe2 11. Qxe2 exd5 12. Rc2 Rc8 13. Rfc1 Bd6 14. Nb5 1-0

[Event "AUTO-INT-135"]
[Site "http://www.queenalice.com/game.php?id=94830"]
[Date "2006.8.11"]
[Round "1"]
[White "dagenefter"]
[Black "XequeChaMate"]
[Result "0-1"]
[WhiteElo "1557"]
[BlackElo "1751"]

1. e4 e6 2. d4 d5 3. e5 c5 4. Nf3 Nc6 5. dxc5 Bxc5 6. c3 Qb6 7. Qc2 Nge7 8. Bd3
Ng6 9. Bxg6 fxg6 10. O-O O-O 11. b4 Be7 12. Be3 Qc7 13. Nbd2 Nxb4 14. Qb3 Nc6
15. a3 Nxe5 16. Nxe5 Qxe5 17. Bd4 Qe2 18. Nf3 b6 19. Rfe1 Qc4 20. Qxc4 dxc4 21.
Ne5 Bb7 22. Nxc4 Bf6 23. Rxe6 Bd5 0-1

[Event "AUTO-INT-135"]
[Site "http://www.queenalice.com/game.php?id=94839"]
[Date "2006.8.11"]
[Round "1"]
[White "dagenefter"]
[Black "pitzenj"]
[Result "1-0"]
[WhiteElo "1535"]
[BlackElo "1379"]

1. e4 e5 2. Nf3 Nc6 3. Bb5 a6 4. Bxc6 dxc6 5. O-O c5 6. c4 Bd6 7. Nc3 Bg4 8. d3
Qf6 9. Nd5 Qg6 10. b3 b5 11. a3 Nf6 12. Ne3 O-O 13. Nxg4 Nxg4 14. Bb2 f5 15. Re1
Be7 16. Bxe5 fxe4 17. Rxe4 Rf5 18. Bxc7 Raf8 19. Rxe7 Nh6 20. Re3 Ng4 21. Ne5
Nxe5 22. Bxe5 Rxf2 23. Rg3 Rf1+ 24. Qxf1 Rxf1+ 25. Rxf1 Qe8 26. Rxg7+ Kh8 27.
Re7+ 1-0

[Event "AUTO-INT-135"]
[Site "http://www.queenalice.com/game.php?id=94840"]
[Date "2006.8.11"]
[Round "1"]
[White "pitzenj"]
[Black "dagenefter"]
[Result "0-1"]
[WhiteElo "1390"]
[BlackElo "1511"]

1. e4 e5 2. d3 Nc6 3. Nc3 Nf6 4. Bg5 h6 5. Bxf6 Qxf6 6. Nd5 Qd6 7. Nf3 Ne7 8. c4
Nxd5 9. Qd2 Nf4 10. g3 Ne6 11. Bg2 Be7 12. O-O O-O 13. b4 c5 14. Nh4 Bxh4 15.
gxh4 Nf4 16. Bf3 Qf6 17. Bg4 Qxh4 18. f3 Nh3+ 19. Kh1 d6 20. Bxc8 Raxc8 21. b5
Nf4 22. a4 Qh3 23. Rg1 Qxf3+ 24. Rg2 Nxg2 25. Rg1 Nh4+ 0-1